Pilotes champions du monde en WEC - Statistiques

Statistiques générales
  • Ce quiz a été pris 75 fois
    21 depuis la dernière actualisation
  • Le résultat moyen est 23 sur 38
Statistiques - réponses
Saison Constructeur Nationalité Pilotes % Correct
🇮🇹 Antonio Giovinazzi
94%
🇯🇵 Kamui Kobayashi
94%
🇯🇵 Kamui Kobayashi
94%
2024 Porsche 🇫🇷 Kévin Estre
88%
🇧🇪 Laurens Vanthoor
82%
2014 Toyota 🇨🇭 Sébastien Buemi
82%
🇨🇭 Sébastien Buemi
82%
2022 🇨🇭 Sébastien Buemi
82%
2023 🇨🇭 Sébastien Buemi
82%
🇮🇹 Alessandro Pier Guidi
76%
🇳🇿 Brendon Hartley
76%
🇳🇿 Brendon Hartley
76%
🇳🇿 Brendon Hartley
76%
🇳🇿 Brendon Hartley
76%
2025 Ferrari 🇬🇧 James Calado
76%
2013 🇫🇷 Loïc Duval
76%
🇩🇪 André Lotterer
71%
🇩🇪 André Lotterer
71%
2018-2019 Toyota 🇪🇸 Fernando Alonso
71%
🇦🇷 José María López
71%
🇦🇷 José María López
71%
🇯🇵 Ryo Hirakawa
65%
🇯🇵 Ryo Hirakawa
65%
🇩🇰 Tom Kristensen
59%
🇯🇵 Kazuki Nakajima
47%
2019-2020 🇬🇧 Mike Conway
47%
2021 🇬🇧 Mike Conway
47%
2017 🇳🇿 Earl Bamber
41%
🇨🇭 Neel Jani
41%
🇬🇧 Anthony Davidson
29%
🇫🇷 Benoît Tréluyer
29%
2016 🇫🇷 Romain Dumas
29%
2015 Porsche 🇩🇪 Timo Bernhard
29%
🇩🇪 Timo Bernhard
29%
2012 Audi 🇨🇭 Marcel Fässler
24%
🇦🇺 Mark Webber
24%
🇬🇧 Allan McNish
12%
🇩🇪 Marc Lieb
12%
Aucun quiz correspondant
Distribution des résultats
% des personnes avec chaque résultat
Percentile par nombre de réponses
Votre historique - résultats
Vous n’avez pas pris ce quiz depuis la dernière actualisation